Statistics for The Ultimate Fnaf Quiz

Click here to take the quiz!

General Stats

  • This quiz has been taken 134 times
  • The average score is 66 of 500

Answer Stats

HintAnswerVR% Correct
1%_^^&(
100%
Fnaf 1Freddy
93%
Bonnie
92%
Chica
88%
Foxy
88%
Golden Freddy
86%
Toy Chica
66%
Fnaf 2Toy Freddy
66%
Mangle
65%
Toy Bonnie
65%
Puppet
61%
Withered Bonnie
61%
Withered Freddy
61%
Fnaf 3Springtrap
59%
Withered Chica
59%
Withered Foxy
59%
Nightmare
58%
BB
57%
Endo 01
57%
JJ
55%
Shadow Bonnie
55%
Cupcake
54%
Nightmare Chica
54%
Shadow Freddy
54%
Sister LocationBallora
53%
Nightmare Bonnie
53%
Nightmare Foxy
53%
Fnaf 4Nightmare Freddy
53%
Funtime Foxy
51%
Funtime Freddy
51%
Phantom Chica
51%
Phantom Freddy
51%
Ennard
50%
Phantom Foxy
50%
Nightmare Fredbear
49%
Phone Guy
49%
Withered Golden Freddy
49%
Bidybab
47%
Bon-Bon
47%
Phantom Puppet
47%
Phantom BB
46%
Phantom Mangle
46%
Plushtrap
46%
Scraptrap
46%
Baby
45%
Jack-O-Chica
45%
Minireena
45%
Nightmare Mangle
45%
Nightmarionne
45%
Bonnet
43%
Endo 02
43%
Jack-O-Bonnie
43%
HalloweenNightmare BB
43%
Scrap Baby
43%
Funtime Chica
39%
Lefty
39%
Lolbit
39%
Molten Freddy
39%
Electrobab
38%
Rockstar Bonnie
38%
Rockstar Chica
38%
Rockstar Foxy
38%
Fnaf 6Rockstar Freddy
38%
UCNFredbear
36%
Happy Frog
36%
Mr. Hippo
36%
Toy Cupcake
36%
El Chip
35%
Fnaf Security BreachGlamrock Freddy
35%
Orville Elephant
35%
Pigpatch
35%
Glamrock Chica
34%
Nedd Bear
34%
Nightmare Cupcake
34%
Fnaf World NPCDeeDee
32%
Music Man
32%
Vanny
32%
Helpy
31%
Mr. Hugs
31%
Fnaf VRGlitchtrap
30%
Security Puppet
30%
trash and the gangBucket Bob
28%
Candy Cadet
28%
Pan Stan
28%
Purple Guy
28%
Roxanne Wolf
28%
Mr. Can-do
27%
Montgomery Gator
26%
No. 1 Crate
26%
Yendo
26%
Phantom Cupcake
24%
Prize King
22%
Fnaf AR SkinsFreddy Frostbear
20%
Fruit Punch Clown
20%
Lemonade Clown
20%
Fnaf WorldAdventure Freddy
19%
HandUnit
19%
Phone Dude
19%
Adventure Bonnie
18%
Adventure Chica
18%
Adventure Foxy
18%
Adventure Mangle
18%
Adventure Nightmare
18%
Adventure Toy Bonnie
18%
Adventure BB
16%
Adventure JJ
16%
Adventure Toy Chica
16%
Adventure Toy Freddy
16%
Tangle
16%
Adventure Cupcake
15%
Adventure Nightmare Bonnie
15%
Adventure Nightmare Chica
15%
Adventure Nightmare Freddy
15%
Adventure Phantom Foxy
15%
Adventure Phantom Puppet
15%
Adventure Puppet
15%
Adventure Toy Cupcake
15%
Adventure Withered Bonnie
15%
Adventure Withered Chica
15%
Adventure Withered Foxy
15%
Chocolate Bonnie
15%
Egg Baby
15%
Shamrock Freddy
15%
VR Toy Freddy
15%
Adventure Endo 01
14%
Adventure Fredbear
14%
Adventure Golden Freddy
14%
Adventure Nightmare Foxy
14%
Adventure Nightmare Fredbear
14%
Adventure Phantom BB
14%
Adventure Phantom Chica
14%
Adventure Phantom Freddy
14%
Adventure Phantom Mangle
14%
Adventure Plushtrap
14%
Adventure Shadow Freddy
14%
Adventure Spring Bonnie
14%
Adventure Springtrap
14%
Adventure Withered Freddy
14%
Easter Bonnie
14%
Easter Bonnie
14%
Funtime Cupcake
14%
Gregory
14%
Mad Endo
14%
Old Man Consequences
14%
Glitched Animotronics1>>>>>>
12%
Adventure Endo 02
12%
Adventure Jack-O-Bonnie
12%
Adventure Jack-O-Chica
12%
Adventure Nightmarionne
12%
Adventure Purple Guy
12%
Adventure Shadow Bonnie
12%
Fnaf World EnemiesBouncepot
12%
Gold Endo
12%
Mendo
12%
Radioactive Foxy
12%
Adventure Coffee
11%
Animdude
11%
Fnaf World BossesAuto Chipper
11%
Ball Boy
11%
Browboy
11%
Chica's Magic Rainbow
11%
Chop 'N Roll
11%
Clown Springtrap
11%
Gearrat
11%
Liberty Chica
11%
Porkpatch
11%
Toxic Springtrap
11%
White Rabbit
11%
XOR
11%
Adventure Chipper
9%
Adventure EndoPlush
9%
Adventure Nightmare BB
9%
Adventure Nightmare Cupcake
9%
It is called Funtime
But some call it
Toy
Adventure Toy Foxy
9%
Arctic Ballora
9%
Bear Trap
9%
Desk Man
9%
Eyesore
9%
Firework Freddy
9%
Goldmine
9%
Lally's Lollies
9%
Magician Mangle
9%
Melted Chocolate Bonnie
9%
Moondrop
9%
Fnaf World Enemies 2.0Neon
9%
Ringmaster Foxy
9%
Seagoon
9%
System Error Toy Bonnie
9%
VR BB
9%
VR Bonnie
9%
VR Chica
9%
VR Cupcake
9%
VR Foxy
9%
VR Freddy
9%
VR Mangle
9%
VR Phantom BB
9%
VR Phantom Foxy
9%
VR Phantom Freddy
9%
VR Phantom Mangle
9%
VR Puppet
9%
VR Toy Bonnie
9%
VR Toy Chica
9%
!2222
8%
Adventure Animdude
8%
Adventure Crying Child
8%
Black Ice Frostbear
8%
Blacktrap
8%
Bubba
8%
Chillax
8%
Chipper's Revenge
8%
Graveweed
8%
Highscore Toy Chica
8%
Marty's Plungers
8%
Piranha
8%
Redbear
8%
Rot
8%
Scorching Chica
8%
Snowcone
8%
VR Baby
8%
VR Bon-Bon
8%
VR Bonnet
8%
VR Endo 01
8%
VR Endo 02
8%
VR Ennard
8%
VR Funtime Foxy
8%
VR Funtime Freddy
8%
VR Nightmare BB
8%
VR Nightmarionne
8%
VR Plushtrap
8%
VR Shadow Bonnie
8%
VR Springtrap
8%
VR Withered Bonnie
8%
VR Withered Chica
8%
VR Withered Foxy
8%
VR Withered Freddy
8%
Wacky Wart Paste
8%
Woodland Toy Freddy
8%
Adventure Lolbit
7%
Black Heart Bonnie
7%
Boulder Toy Bonnie
7%
Boxbyte
7%
Broiler Baby
7%
Catrina Toy Chica
7%
Crabapple
7%
Curse
7%
Dogfight
7%
SponsorshipsFiztime Popsoda
7%
Flaming Springtrap
7%
Flan
7%
Frost Plushtrap
7%
Heartsick Baby
7%
Mechrab
7%
Metalman
7%
Overclock
7%
Serpent Mangle
7%
Supergoon
7%
Swamp Balloon Boy
7%
VR Dreadbear
7%
VR Grimm Foxy
7%
VR Helpy
7%
VR Jack-O.Bonnie
7%
VR Jack-O-Chica
7%
VR Lolbit
7%
VR Nightmare Bonnie
7%
VR Nightmare Chica
7%
VR Nightmare Foxy
7%
VR Nightmare Fredbear
7%
VR Nightmare Freddy
7%
VR Toy Cupcake
7%
AR Baby
5%
AR Ballora
5%
AR BB
5%
AR Bonnie
5%
AR Chica
5%
AR Cupcake
5%
AR Endo 01
5%
AR Foxy
5%
Fnaf ARAR Freddy
5%
AR Golden Freddy
5%
AR Springtrap
5%
Big Bad Foxy
5%
Blob
5%
Bouncer
5%
Colossal
5%
Dark Water Bare Endo
5%
Flamethrower Bare Endo
5%
Flo's Glossy Floss
5%
Frostbite Balloon Boy
5%
Little Red Chica
5%
P. Goon
5%
Space Freddy
5%
Sunken Toy Bonnie
5%
Tombstack
5%
Totemole
5%
VR Nightmare Cupcake
5%
AR Jack-O-Bonnie
4%
AR Jack-O-Chica
4%
AR Mangle
4%
AR Shadow Bonnie
4%
AR Toy Bonnie
4%
AR Toy Chica
4%
AR Toy Cupcake
4%
AR Toy Freddy
4%
Calavera Cupcake
4%
Freddels
4%
Jangle
4%
Meringue
4%
Moldy Cupcake
4%
Paper Pal BB
4%
Paper Pal Bonnie
4%
Paper Pal Freddy
4%
Paper Pal JJ
4%
Paper Pal Mr. Hippo
4%
Paper Pal Pigpatch
4%
Parot
4%
Pumkin
4%
PurpleGeist
4%
Quarry
4%
Seaweed
4%
Security Owl
4%
Souldozer
4%
Sunny
4%
The 8-Bit Cupcake
4%
Torch Cupcake
4%
Virtua Freddy
4%
VR Plushbabies
4%
AR 8-Bit Baby
3%
AR Plushtrap
3%
Big Metalman
3%
Ghost Freddy
3%
Gumball Swivelheads
3%
Laser
3%
Scorched Cupcake
3%
Scott's Head
3%
The Pearl
3%
VR Bidybab
3%
VR Burnt Foxy
3%
VR Dark Freddy
3%
VR Minireena
3%
VR Neon Bonnie
3%
VR Neon Chica
3%
VR Nightmare Endo
3%
VR Party Freddy
3%
VR Plushkins
3%
VR Scrap Plushbabies
3%
VR Shadow Mangle
3%
Adventure Paper Pal BB
1%
Adventure Paper Pal Bonnie
1%
Adventure Paper Pal Freddy
1%
Adventure pumkin
1%
Already-Ate Chica
1%
AR Pumkin
1%
AR VR Toy Freddy
1%
Big Withered Foxy
1%
Blue Fish
1%
Byte Grim Reaper
1%
Byte Medpod
1%
Chica's Magic Rainbow Eye
1%
Flan-like Enemy
1%
Flying Laser
1%
Flying Mechcrab
1%
F.O.X. Tank
1%
Foxy in a plane
1%
Franken-Foxy
1%
Freddy in a boat
1%
Gold Angle Fish
1%
Golden Butterfly
1%
Green Fish
1%
Jetpack Chop 'N Roll
1%
JJ in a plane
1%
KITC
1%
Large Robot
1%
Freddy in Space 2L.O.L.Z.H.A.X.
1%
Mad Theorists
1%
Mechiplier
1%
Mimic Ball
1%
Nightmare Chica in a plane
1%
Orange Fish
1%
Parachute Gearrat
1%
Pink Fish
1%
Freddy in Space 2 Secret BossesPoopet Master
1%
Purple Fish
1%
Security Camera
1%
Service Robots
1%
Space Cupcake
1%
Space KITC
1%
Stile Withered Freddy
1%
Tentacle
1%
The Fan
1%
Totem Panic
1%
Toy Chica in a plane
1%
VR Blacklight Bonnie
1%
VR Blacklight Chica
1%
VR Blacklight Foxy
1%
VR Blacklight Freddy
1%
VR Captain Foxy
1%
VR Coffee
1%
VR Dark Foxy
1%
VR Endo 1 Foxy
1%
VR Endo 2 Foxy
1%
VR Endo Freddy
1%
VR Endo Nightmare Freddy
1%
VR Freddels
1%
VR HandUnit
1%
VR Pumkin
1%
Wind-up Mouse
1%
Animdude: The Revenge
0%
Freddy in Space 2 EnemiesBat Foxy
0%
Fnaf World BytesByte Bee
0%
Byte Bomb
0%
Byte Eye
0%
Byte Shield
0%
Byte UFO
0%
Cannon Cupcake
0%
Chica Defense Network
0%
Chicanator
0%
Cyclops Alien
0%
Fighter Animdude
0%
Fighter Dreamgeist
0%
Fighter Fire Girl
0%
Fighter Glamrock Chica
0%
Security Breach: Fury's RageFighter Glamrock Freddy
0%
Fighter Ice Freddy
0%
Fighter Marionette
0%
Fighter Mega Brow
0%
Fighter Monty
0%
Security Breach: Fury's Rage EnemiesFighter Poison Foxy
0%
Fighter Punk Mangle
0%
Fighter Roxanne
0%
Fighter Soulbrawler
0%
Fighter Thug Chica
0%
Fighter Thuglife Chipper
0%
Fighter Trap
0%
Fighter Vanny
0%
Security Breach: Fury's Rage BossesFighter VR Sisters
0%
FiNaL BosZ
0%
FinAl FOrmz!1
0%
FiS2 Ghost Freddy
0%
Foxbot
0%
Fully Loaded Rabbit
0%
Giant Monster Cupcake
0%
Hammer-Head Puppet
0%
High School Chica Bot
0%
Machine Claw
0%
Mariominous
0%
Monster Cupcake
0%
Pirate Wolf
0%
Pogo Foxy
0%
Puppenator
0%
Robo Chica WIP
Robo Cupcake
0%
Freddy in Space 2 BossesRocket Fox
0%
Rocket Parot
0%
S. Cotton
0%
Shadow Mask
0%
Sockpuppet
0%
Space Hero Big Blue and Yello Cupcake
0%
Space Hero Big Blue Cupcake
0%
Space Hero Big Pink Cupcake
0%
Space Hero Bonnie
0%
Space Hero Chica
0%
Space Hero Foxy
0%
Space Hero Fredbear
0%
Space Hero Freddy
0%
Space Hero Freddy´s son
0%
Space Hero Giant Gray Cupcake
0%
Space Hero Giant Green Cupcake
0%
Space Hero Golden Freddy
0%
Space Hero Puppet
0%
Space Hero Roxanne Wolf
0%
Space Hero Small Pink Cupcake
0%
Space Pirate Lolbit
0%
The REal FinaL ForM!!!!!!!!!!!!
0%
VR Blacklight Cupcake
0%
VR Burnt Freddels
0%
VR Endo Baby
0%
VR Endo Bon-Bon
0%
VR Endo Bonnie
0%
VR Endo Chica
0%
VR Endo Dreadbear
0%
VR Endo EndoPlush
0%
VR Endo Ennard
0%
VR Endo Freddel
0%
VR Endo Funtime Foxy
0%
VR Endo Funtime Freddy
0%
VR Endo Grimm Foxy
0%
VR Endo Jack-O-Bonnie
0%
VR Endo Jack-O-Chica
0%
VR Endo Mangle
0%
VR Endo Nightmare Bonnie
0%
VR Endo Nightmare Chica
0%
VR Endo Nightmare Foxy
0%
VR Endo Springtrap
0%
VR Endo Toy Bonnie
0%
VR Endo Toy Chica
0%
VR Endo Withered Bonnie
0%
VR Endo Withered Chica
0%
VR Endo Withered Foxy
0%
VR Endo Withered Freddy
0%
VR Leftover Glichtrap
0%
Woden Fling Ship
0%

Score Distribution

Percentile by Number Answered

Percent of People with Each Score

Your Score History

You have not taken this quiz